[Event "LGA Premium Cup"]
[Site "schach.lga.de"]
[Date "2005.09.11"]
[Round "6.1"]
[White "Meijers, Viesturs"]
[Black "Gutman, Lev"]
[Result "1/2-1/2"]
[WhiteElo "2479"]
[BlackElo "2465"]
[PlyCount "65"]
[EventDate "2005.09.11"]
[SourceDate " "]

1. e4 c5 2. Nf3 Nc6 3. d4 cxd4 4. Nxd4 Qb6 5. Nb3 e6 6. Nc3 Nf6 7. Bd3 d6 8.
O-O Be7 9. Be3 Qc7 10. f4 Nb4 11. Kh1 Bd7 12. a4 a6 13. a5 e5 14. Qd2 Nxd3 15.
cxd3 Be6 16. Nc1 d5 17. f5 d4 18. fxe6 fxe6 19. Bg1 dxc3 20. bxc3 O-O 21. Ne2
Qd7 22. Ng3 h5 23. Qg5 Nxe4 24. Qxe5 Nxg3+ 25. Qxg3 Bf6 26. d4 Qd5 27. Qg6 Rac8
28. Rf3 Qg5 29. Qe4 Qd5 30. Qg6 Qg5 31. Qe4 Qd5 32. Qg6 Qg5 33. Qe4 1/2-1/2

[Event "LGA Premium Cup"]
[Site "schach.lga.de"]
[Date "2005.09.11"]
[Round "6.2"]
[White "Kunin, Vitaly"]
[Black "Gabriel, Christian"]
[Result "1-0"]
[WhiteElo "2448"]
[BlackElo "2531"]
[PlyCount "71"]
[EventDate "2005.09.11"]
[SourceDate " "]

1. d4 Nf6 2. c4 g6 3. Nc3 Bg7 4. e4 d6 5. Nge2 O-O 6. Ng3 a6 7. Be2 c5 8. dxc5
dxc5 9. Be3 Nfd7 10. O-O Nc6 11. f4 Nd4 12. e5 f6 13. Bxd4 cxd4 14. Qxd4 fxe5
15. fxe5 Nxe5 16. Qxd8 Rxd8 17. Nd5 Nc6 18. Rad1 Bd4+ 19. Kh1 Kg7 20. b4 e6 21.
Nc7 Rb8 22. Ne4 Be5 23. Rxd8 Nxd8 24. Ne8+ Kg8 25. b5 axb5 26. cxb5 Ra8 27. Bc4
Ra4 28. N8d6 Ra8 29. g3 Bd7 30. Rd1 Kf8 31. Nf7 Kxf7 32. Rxd7+ Ke8 33. Rxh7 Ra4
34. Bd3 b6 35. Ng5 Kf8 36. Rd7 1-0

[Event "LGA Premium Cup"]
[Site "schach.lga.de"]
[Date "2005.09.11"]
[Round "6.3"]
[White "Eichler, Christoph"]
[Black "Prusikin, Michael"]
[Result "1/2-1/2"]
[WhiteElo "2293"]
[BlackElo "2554"]
[PlyCount "91"]
[EventDate "2005.09.11"]
[SourceDate " "]

1. e4 c5 2. Nf3 e6 3. d4 cxd4 4. Nxd4 a6 5. Bd3 Bc5 6. Nb3 Be7 7. O-O d6 8. Nc3
Nf6 9. Qe2 Nc6 10. f4 Qc7 11. a4 b6 12. Be3 O-O 13. Kh1 Bb7 14. Rf3 Nb4 15. a5
b5 16. Bb6 Qd7 17. Rd1 Rfc8 18. Rh3 Nxd3 19. cxd3 e5 20. Rf3 b4 21. Na2 Qe6 22.
Nac1 Bd8 23. Bxd8 Rxd8 24. Rff1 Rac8 25. Qd2 Ba8 26. Qxb4 Rb8 27. Qa3 Ng4 28.
Rde1 Qh6 29. h3 exf4 30. Ne2 Ne3 31. Nbd4 Nxf1 32. Rxf1 g5 33. Nf5 Qf6 34. Ned4
Kh8 35. h4 d5 36. e5 Qxe5 37. hxg5 Rbc8 38. Qb4 f3 39. gxf3 Re8 40. Nd6 Qg3 41.
N4f5 Qh3+ 42. Kg1 f6 43. Nf7+ Kg8 44. N7h6+ Kh8 45. Nf7+ Kg8 46. N7h6+ 1/2-1/2

[Event "LGA Premium Cup"]
[Site "schach.lga.de"]
[Date "2005.09.11"]
[Round "6.4"]
[White "Bezold, Michael"]
[Black "Petiko, Nikolai"]
[Result "1-0"]
[WhiteElo "2530"]
[BlackElo "2193"]
[PlyCount "95"]
[EventDate "2005.09.11"]
[SourceDate " "]

1. g3 g6 2. Bg2 Bg7 3. c4 d6 4. Nc3 e5 5. e4 Nc6 6. Nge2 Be6 7. d3 Qd7 8. Be3
f5 9. Nd5 Nd8 10. b3 c6 11. Ndc3 Nf6 12. d4 fxe4 13. dxe5 dxe5 14. Nxe4 Nxe4
15. Bxe4 Qxd1+ 16. Rxd1 Bf5 17. Bg2 Ne6 18. h3 h5 19. O-O Bf6 20. Nc3 Nd4 21.
Ne4 Bxe4 22. Bxe4 Rg8 23. Kg2 O-O-O 24. h4 g5 25. hxg5 Bxg5 26. Bxd4 exd4 27.
f4 Bh6 28. Kf3 h4 29. g4 Rgf8 30. Bf5+ Kc7 31. Rh1 Rfe8 32. Rd3 Bf8 33. g5 Bc5
34. Rxh4 Re1 35. Be4 Re8 36. f5 Rg1 37. g6 Rf8 38. Rg4 Rxg4 39. Kxg4 Be7 40.
Rxd4 Bf6 41. Rd1 Rh8 42. Bf3 Re8 43. c5 Rf8 44. Rd6 Be7 45. g7 Rg8 46. Rg6 Bxc5
47. f6 Bd4 48. Kf5 1-0

[Event "LGA Premium Cup"]
[Site "schach.lga.de"]
[Date "2005.09.11"]
[Round "6.5"]
[White "Milov, Leonid"]
[Black "Koch, Moritz"]
[Result "1-0"]
[WhiteElo "2482"]
[BlackElo "2241"]
[PlyCount "49"]
[EventDate "2005.09.11"]
[SourceDate " "]

1. e4 c5 2. Nf3 Nc6 3. d4 cxd4 4. Nxd4 Nf6 5. Nc3 d6 6. Bg5 e6 7. Bb5 Bd7 8.
Bxc6 bxc6 9. Qf3 Rc8 10. O-O-O Be7 11. Nb3 Qc7 12. Rhe1 e5 13. Qd3 Ng4 14. Bxe7
Kxe7 15. Qg3 Rhd8 16. h3 Nf6 17. Qxg7 Rg8 18. Qh6 Rxg2 19. f4 exf4 20. Qxf4 Be6
21. Qh4 Bxb3 22. axb3 Rg6 23. Rf1 Ke6 24. Ne2 Rcg8 25. Nf4+ 1-0

[Event "LGA Premium Cup"]
[Site "schach.lga.de"]
[Date "2005.09.11"]
[Round "6.6"]
[White "Kotz, Reinhard"]
[Black "Donchenko, Anatoli"]
[Result "0-1"]
[WhiteElo "2156"]
[BlackElo "2448"]
[PlyCount "108"]
[EventDate "2005.09.11"]
[SourceDate " "]

1. f4 d5 2. Nf3 g6 3. e3 Bg7 4. Nc3 Nh6 5. b3 O-O 6. Bb2 c5 7. Na4 d4 8. Nxc5
dxe3 9. Bxg7 Kxg7 10. Nd3 Qa5 11. Be2 Nc6 12. O-O Nf5 13. Qc1 exd2 14. Nxd2
Ncd4 15. Bf3 Qc3 16. Ne1 Nd6 17. Rf2 Bf5 18. Nc4 Nxc4 19. bxc4 Nxf3+ 20. Rxf3
Qxc4 21. Qb2+ Kg8 22. Re3 Qc5 23. Qe5 Qxe5 24. Rxe5 e6 25. Rb1 b6 26. Rb3 Rfc8
27. c3 Rc4 28. g3 Ra4 29. Re2 Rd8 30. Rb4 Ra3 31. Rb3 Ra5 32. Kf2 Rd1 33. Rbb2
Rc5 34. Rb3 Ra5 35. Rbb2 Rc1 36. Rb3 Ra1 37. Rbb2 h6 38. Red2 g5 39. fxg5 hxg5
40. Rd8+ Kg7 41. Rdd2 Be4 42. Nc2 R1xa2 43. Nb4 Rxb2 44. Rxb2 Rc5 45. Ke3 f5
46. Kd2 Ra5 47. Ke3 Kf6 48. h4 Ra3 49. Kd4 Ra5 50. Rh2 e5+ 51. Kc4 Rc5+ 52. Kb3
g4 53. Na6 Rc8 54. Rd2 f4 0-1

[Event "LGA Premium Cup"]
[Site "schach.lga.de"]
[Date "2005.09.11"]
[Round "6.7"]
[White "Nuber, Helene"]
[Black "Klundt, Klaus"]
[Result "0-1"]
[WhiteElo "2021"]
[BlackElo "2382"]
[PlyCount "66"]
[EventDate "2005.09.11"]
[SourceDate " "]

1. e4 e5 2. Nf3 Nf6 3. Nxe5 d6 4. Nf3 Nxe4 5. Qe2 Qe7 6. d3 Nf6 7. Bg5 Nbd7 8.
Nc3 h6 9. Bh4 Qxe2+ 10. Bxe2 Be7 11. O-O-O Nf8 12. Rhe1 Ng6 13. Bg3 Bd7 14. Nd4
O-O-O 15. Bf3 Rde8 16. Nd5 Nxd5 17. Bxd5 Rhf8 18. Kb1 Bf6 19. Rxe8+ Bxe8 20.
Nf3 Bd7 21. Re1 Ne7 22. Bb3 Bc6 23. Bh4 g5 24. Bg3 h5 25. h4 g4 26. Ng5 Bxg5
27. hxg5 Nf5 28. Rh1 h4 29. Bxh4 Rh8 30. Bxf7 Rxh4 31. Rxh4 Nxh4 32. f3 Kd8 33.
g6 Ke7 0-1

[Event "LGA Premium Cup"]
[Site "schach.lga.de"]
[Date "2005.09.11"]
[Round "6.8"]
[White "Roos, Michael"]
[Black "Promyshlyanskiy, Vitaly"]
[Result "0-1"]
[WhiteElo "2371"]
[BlackElo "2164"]
[PlyCount "88"]
[EventDate "2005.09.11"]
[SourceDate " "]

1. d4 Nf6 2. c4 Nc6 3. Nf3 e6 4. a3 d6 5. Nc3 g6 6. e4 Bg7 7. h3 O-O 8. Bg5 Re8
9. Qd2 e5 10. dxe5 Nxe5 11. Nxe5 Rxe5 12. Bd3 Qf8 13. O-O h6 14. Be3 Bd7 15. f4
Re7 16. e5 dxe5 17. Bc5 Qd8 18. Bxe7 Qxe7 19. Be2 e4 20. Rad1 a5 21. Rfe1 Bc6
22. Qe3 Re8 23. Rd2 h5 24. c5 Bf8 25. b4 axb4 26. axb4 b6 27. Bc4 bxc5 28. b5
Bd7 29. Kh1 Bg7 30. Na4 Bf8 31. Rc1 Ra8 32. Qb3 Bh6 33. Rf2 h4 34. Nxc5 Bf5 35.
Na6 Rc8 36. Bd5 Nh5 37. Bb7 Ng3+ 38. Kh2 e3 39. Rf3 e2 40. Re1 Rd8 41. Bd5 Qd6
42. Bxf7+ Kh7 43. Qb4 Qxb4 44. Nxb4 Rd1 0-1

[Event "LGA Premium Cup"]
[Site "schach.lga.de"]
[Date "2005.09.11"]
[Round "6.9"]
[White "Schneider, David"]
[Black "Maiwald, Jens-Uwe"]
[Result "0-1"]
[WhiteElo "2113"]
[BlackElo "2505"]
[PlyCount "120"]
[EventDate "2005.09.11"]
[SourceDate " "]

1. e4 c5 2. Nf3 e6 3. b3 a6 4. Bb2 Nc6 5. d4 cxd4 6. Nxd4 Qf6 7. Bc3 Qg6 8. Nd2
Nf6 9. Nxc6 bxc6 10. Qf3 d5 11. Bd3 Qg4 12. Qxg4 Nxg4 13. h3 Nf6 14. Bb2 Bb7
15. O-O-O Bc5 16. Rhf1 O-O 17. Rde1 a5 18. f4 a4 19. f5 Rfe8 20. g4 axb3 21.
axb3 Bb4 22. g5 Nd7 23. fxe6 fxe6 24. g6 hxg6 25. exd5 exd5 26. Bxg6 Rxe1+ 27.
Rxe1 Rf8 28. Re8 Rxe8 29. Bxe8 Nf6 30. Bg6 Bc8 31. h4 Bg4 32. Bd4 Be7 33. Bf2
Nh5 34. Nf1 Nf4 35. Be8 c5 36. Ne3 Be6 37. Kd2 d4 38. Nf1 Ng2 39. h5 Bg5+ 40.
Kd3 Kf8 41. Bg6 Nf4+ 42. Ke4 Nd5 43. Bg3 Ke7 44. Be5 Bf6 45. Bxf6+ Kxf6 46. Nd2
Nb4 47. Kf4 Nd5+ 48. Ke4 Nc3+ 49. Kf4 Bd5 50. Bd3 Bf7 51. Kg4 Be8 52. Ne4+ Nxe4
53. Bxe4 Bb5 54. Kf4 Be2 55. Bg6 Bd1 56. c3 dxc3 57. Ke3 Bxb3 58. Kd3 Bf7 59.
Bxf7 Kxf7 60. Kxc3 Kf6 0-1

[Event "LGA Premium Cup"]
[Site "schach.lga.de"]
[Date "2005.09.11"]
[Round "6.10"]
[White "Boidman, Yuri"]
[Black "Helmbold, Irene"]
[Result "1-0"]
[WhiteElo "2431"]
[BlackElo "1993"]
[PlyCount "93"]
[EventDate "2005.09.11"]
[SourceDate " "]

1. e4 c5 2. Nf3 e6 3. Nc3 d6 4. d4 cxd4 5. Qxd4 a6 6. Be3 Nd7 7. O-O-O Qc7 8.
Bf4 e5 9. Nd5 Qb8 10. Qc3 exf4 11. Nc7+ Kd8 12. Nxa8 Qxa8 13. e5 Qb8 14. exd6
Ndf6 15. Ng5 Nh6 16. Bc4 Bd7 17. Qd4 b5 18. Bxf7 Nf5 19. Qxf4 Bxd6 20. Ne6+ Ke7
21. Qxf5 Kxf7 22. Rhe1 Re8 23. Ng5+ Kg8 24. Rxe8+ Qxe8 25. Qf3 Bg4 26. Qb3+ Kf8
27. Nf3 Bf4+ 28. Kb1 Ne4 29. Qb4+ Kg8 30. Re1 Bf5 31. Nh4 Bd2 32. Rxe4 Qxe4 33.
Qxd2 Qxh4 34. Qd5+ Be6 35. Qxe6+ Kf8 36. Qh3 Qc4 37. b3 Qb4 38. Kb2 Qe1 39. Qc3
Qe6 40. h4 Qe7 41. Qc8+ Kf7 42. Qf5+ Kg8 43. g3 b4 44. f4 h6 45. Qc8+ Kf7 46.
Qxa6 Qe1 47. Qd3 1-0

[Event "LGA Premium Cup"]
[Site "schach.lga.de"]
[Date "2005.09.11"]
[Round "6.11"]
[White "Hetey, Laszlo"]
[Black "Muth, Roland"]
[Result "1-0"]
[WhiteElo "2322"]
[BlackElo "2129"]
[PlyCount "111"]
[EventDate "2005.09.11"]
[SourceDate " "]

1. d4 Nf6 2. c4 e6 3. Nc3 Bb4 4. e3 O-O 5. Nge2 d5 6. a3 Be7 7. cxd5 exd5 8. g3
Bf5 9. Bg2 c6 10. b4 Nbd7 11. h3 Nb6 12. g4 Bg6 13. Nf4 a5 14. b5 cxb5 15. Nxg6
fxg6 16. Nxb5 Qd7 17. a4 Bb4+ 18. Bd2 Bxd2+ 19. Qxd2 Nxa4 20. Qd3 Nb2 21. Qb3
Nc4 22. Nc3 a4 23. Rxa4 Rxa4 24. Qxa4 Qxa4 25. Nxa4 Ne4 26. O-O Ncd2 27. Bxe4
Nxe4 28. Nc5 Nxc5 29. dxc5 Rc8 30. Rb1 Rc7 31. Kf1 Kf7 32. Ke2 g5 33. Kd3 Rd7
34. Kd4 Ke8 35. Rb6 Ke7 36. Ke5 h6 37. Re6+ Kf7 38. Rd6 Rc7 39. Kxd5 Ke7 40.
Kc4 Ke8 41. Re6+ Kd8 42. f4 gxf4 43. exf4 Rf7 44. f5 Kd7 45. Kd5 Kc7 46. Ke5
Kd7 47. h4 Rf8 48. Rd6+ Kc7 49. Rg6 Rf7 50. f6 gxf6+ 51. Rxf6 Rg7 52. Kf5 Rd7
53. Kg6 Rd5 54. Kxh6 Rxc5 55. g5 b5 56. g6 1-0

[Event "LGA Premium Cup"]
[Site "schach.lga.de"]
[Date "2005.09.11"]
[Round "6.12"]
[White "Opitz, Alexander"]
[Black "Seyb, Dieter"]
[Result "1/2-1/2"]
[WhiteElo "2192"]
[BlackElo "2297"]
[PlyCount "37"]
[EventDate "2005.09.11"]
[SourceDate " "]

1. e4 g6 2. d4 Bg7 3. Nc3 d6 4. g3 Nc6 5. Be3 e5 6. dxe5 Nxe5 7. h3 Ne7 8. f4
N5c6 9. Nge2 f5 10. Bg2 O-O 11. Qd2 fxe4 12. Bxe4 Bf5 13. Bg2 Nb4 14. Rc1 c6
15. O-O Na6 16. g4 Be6 17. Nd4 Bc4 18. Rfd1 Nc7 19. b3 1/2-1/2

[Event "LGA Premium Cup"]
[Site "schach.lga.de"]
[Date "2005.09.11"]
[Round "6.13"]
[White "Bunk, Karsten"]
[Black "Gießmann, Stephan"]
[Result "1/2-1/2"]
[WhiteElo "2162"]
[BlackElo "2284"]
[PlyCount "33"]
[EventDate "2005.09.11"]
[SourceDate " "]

1. d4 Nf6 2. Bg5 d5 3. Bxf6 exf6 4. e3 c6 5. c4 Be6 6. cxd5 Bxd5 7. Nc3 f5 8.
Nxd5 Qxd5 9. Ne2 Bb4+ 10. Nc3 f4 11. Qf3 fxe3 12. fxe3 O-O 13. Bd3 Qxf3 14.
gxf3 Nd7 15. a3 Be7 16. O-O-O Rad8 17. d5 1/2-1/2

[Event "LGA Premium Cup"]
[Site "schach.lga.de"]
[Date "2005.09.11"]
[Round "6.14"]
[White "Bauer, Andreas"]
[Black "Fuhrmann, Max"]
[Result "1-0"]
[WhiteElo "2219"]
[BlackElo "1956"]
[PlyCount "60"]
[EventDate "2005.09.11"]
[SourceDate " "]

1. e4 c6 2. d4 d5 3. Nd2 dxe4 4. Nxe4 Bf5 5. Ng3 Bg6 6. h4 h6 7. Nf3 Nd7 8. h5
Bh7 9. Bd3 Bxd3 10. Qxd3 e6 11. Bd2 Ngf6 12. O-O-O Be7 13. Kb1 O-O 14. Ne4 Nxe4
15. Qxe4 Nf6 16. Qe2 Qb6 17. g4 Qb5 18. c4 Qb6 19. g5 hxg5 20. Bxg5 Rfe8 21. h6
g6 22. h7+ Nxh7 23. Bxe7 Rxe7 24. Rxh7 Kxh7 25. Qe5 f6 26. Qxf6 Rg7 27. Rh1+
Kg8 28. Qxe6+ Rf7 29. Ne5 Qc7 30. Nxf7 Qxf7 1-0

[Event "LGA Premium Cup"]
[Site "schach.lga.de"]
[Date "2005.09.11"]
[Round "6.15"]
[White "Grimberg, Boris"]
[Black "Rybenko, Kseniya"]
[Result "1-0"]
[WhiteElo "2104"]
[BlackElo "2217"]
[PlyCount "79"]
[EventDate "2005.09.11"]
[SourceDate " "]

1. d4 Nf6 2. Nf3 g6 3. c4 Bg7 4. g3 O-O 5. Bg2 d6 6. Nc3 c6 7. O-O Qb6 8. e4
Na6 9. Qe2 Bg4 10. Be3 Qa5 11. h3 Bxf3 12. Bxf3 e5 13. d5 cxd5 14. exd5 Ne8 15.
a3 f5 16. b4 Qd8 17. Rac1 g5 18. g4 f4 19. Bd2 Nf6 20. Ne4 Nxe4 21. Qxe4 Rc8
22. Rc2 Rf6 23. Rfc1 Bf8 24. Bc3 Rh6 25. Kg2 b6 26. Bb2 Nb8 27. c5 dxc5 28.
Qxe5 Nd7 29. Qh8+ Kf7 30. d6 Nf6 31. bxc5 bxc5 32. d7 Qxd7 33. Rd1 Bd6 34. Rxd6
Rxh8 35. Rxd7+ Nxd7 36. Bxh8 Ra6 37. Bb2 Ke7 38. Be4 h6 39. Bf5 Rd6 40. Bxd7
1-0

[Event "LGA Premium Cup"]
[Site "schach.lga.de"]
[Date "2005.09.11"]
[Round "6.16"]
[White "Käck, Ralf"]
[Black "Espig, Lutz"]
[Result "1/2-1/2"]
[WhiteElo "2034"]
[BlackElo "2444"]
[PlyCount "41"]
[EventDate "2005.09.11"]
[SourceDate " "]

1. d4 Nf6 2. c4 d6 3. Nc3 Nbd7 4. e4 e5 5. Nf3 Be7 6. Be2 O-O 7. O-O c6 8. Qc2
a6 9. Rd1 Qc7 10. h3 b5 11. a3 Bb7 12. Be3 Rfe8 13. Rac1 Qb8 14. dxe5 dxe5 15.
b4 c5 16. cxb5 cxb4 17. bxa6 Bxa6 18. Bxa6 Rxa6 19. axb4 Qxb4 20. Nd5 Nxd5 21.
Rxd5 1/2-1/2

[Event "LGA Premium Cup"]
[Site "schach.lga.de"]
[Date "2005.09.11"]
[Round "6.17"]
[White "Luther, Helmut"]
[Black "Sobolevski, Leonid"]
[Result "0-1"]
[WhiteElo "2020"]
[BlackElo "2358"]
[PlyCount "111"]
[EventDate "2005.09.11"]
[SourceDate " "]

1. d4 d5 2. Nf3 Nf6 3. Bg5 c5 4. Bxf6 gxf6 5. e3 Qb6 6. b3 Bg4 7. dxc5 Qxc5 8.
c4 e6 9. cxd5 Qa5+ 10. Nbd2 Qxd5 11. Bc4 Qh5 12. Ne4 Qa5+ 13. Ke2 Qe5 14. Qd3
Qb2+ 15. Qd2 Qxd2+ 16. Nexd2 a6 17. h3 Bh5 18. Ne4 Be7 19. Ng3 Bg6 20. Nh4 Nc6
21. Nxg6 hxg6 22. Rhd1 f5 23. Kf1 Ba3 24. Be2 e5 25. Bc4 Rc8 26. Bd5 Ke7 27.
Ne2 Rhd8 28. g4 fxg4 29. hxg4 Rc7 30. Be4 Rcd7 31. Rxd7+ Rxd7 32. Rb1 Nb4 33.
Nc3 Ke6 34. Na4 Nd5 35. b4 b6 36. Bxd5+ Rxd5 37. Nxb6 Rb5 38. Nc4 Bxb4 39. Ke2
e4 40. Nd2 Kd5 41. Nb3 Bc3 42. Rd1+ Kc4 43. Rd7 a5 44. Rxf7 a4 45. Nd2+ Bxd2
46. Kxd2 Rb2+ 47. Kc1 Rxa2 48. Kb1 Rd2 49. Kc1 Ra2 50. Kb1 Re2 51. Rc7+ Kd5 52.
Rg7 Rxf2 53. Rxg6 Kc4 54. Rc6+ Kd3 55. Ra6 Kxe3 56. Rxa4 0-1

[Event "LGA Premium Cup"]
[Site "schach.lga.de"]
[Date "2005.09.11"]
[Round "6.18"]
[White "Poysti, Nathanael"]
[Black "Eppinger, Georg"]
[Result "0-1"]
[WhiteElo "2010"]
[BlackElo "2284"]
[PlyCount "72"]
[EventDate "2005.09.11"]
[SourceDate " "]

1. d4 Nf6 2. Nf3 d5 3. c4 c6 4. Nc3 dxc4 5. a4 Bg4 6. e4 e5 7. dxe5 Qxd1+ 8.
Kxd1 Nfd7 9. Bf4 Bc5 10. Bg3 Bd4 11. Bxc4 Nxe5 12. Be2 Nxf3 13. gxf3 Be6 14.
Kc2 O-O 15. f4 f5 16. e5 c5 17. Bf3 Na6 18. Ra3 Nb4+ 19. Kb1 Rf7 20. Nb5 Rd7
21. Rd1 a6 22. Nd6 Rb8 23. h4 g6 24. h5 Bd5 25. Be2 Rxd6 26. exd6 Rd8 27. hxg6
hxg6 28. Bh4 Rxd6 29. Be7 Re6 30. Rxd4 cxd4 31. Bxb4 Rxe2 32. f3 Bc4 33. Bc5 d3
34. Kc1 Rc2+ 35. Kb1 Kf7 36. Rc3 Ba2+ 0-1

[Event "LGA Premium Cup"]
[Site "schach.lga.de"]
[Date "2005.09.11"]
[Round "6.19"]
[White "Leuschner, Günter"]
[Black "Kordts, Wolfgang"]
[Result "1/2-1/2"]
[WhiteElo "1997"]
[BlackElo "2264"]
[PlyCount "31"]
[EventDate "2005.09.11"]
[SourceDate " "]

1. d4 Nf6 2. c4 e6 3. Nf3 b6 4. e3 Bb7 5. Bd3 d5 6. O-O Be7 7. b3 O-O 8. Ba3
Bxa3 9. Nxa3 Qe7 10. Nc2 c5 11. Qe2 Nbd7 12. Rfc1 Ne4 13. Nce1 f5 14. cxd5 exd5
15. Ba6 Bxa6 16. Qxa6 1/2-1/2

[Event "LGA Premium Cup"]
[Site "schach.lga.de"]
[Date "2005.09.11"]
[Round "6.20"]
[White "Hohner, Karl-Heinz"]
[Black "Beck, Frederik"]
[Result "0-1"]
[WhiteElo "1991"]
[BlackElo "2211"]
[PlyCount "44"]
[EventDate "2005.09.11"]
[SourceDate " "]

1. e4 c5 2. Nf3 e6 3. d4 cxd4 4. Nxd4 Nc6 5. Nc3 Qc7 6. Be3 a6 7. a3 Nf6 8. Be2
Na5 9. O-O b5 10. f4 d6 11. e5 dxe5 12. fxe5 Nd7 13. Bh5 Nxe5 14. Bf4 g6 15.
Bxe5 Qxe5 16. Qf3 Qxd4+ 17. Kh1 Ra7 18. Rad1 Qe5 19. Rfe1 Qf5 20. Qg3 Be7 21.
Bg4 Qc5 22. Ne4 Qc7 0-1

[Event "LGA Premium Cup"]
[Site "schach.lga.de"]
[Date "2005.09.11"]
[Round "6.21"]
[White "Nuber, Blasius"]
[Black "Lodes, Hermann"]
[Result "1/2-1/2"]
[WhiteElo "1989"]
[BlackElo "2183"]
[PlyCount "54"]
[EventDate "2005.09.11"]
[SourceDate " "]

1. e4 c6 2. d4 d5 3. Nc3 g6 4. exd5 cxd5 5. Bd3 Bg7 6. Nce2 Nc6 7. c3 Nf6 8.
Nf3 Bg4 9. Ng3 O-O 10. O-O a6 11. Bf4 Nd7 12. Re1 Re8 13. h3 Bxf3 14. Qxf3 e5
15. dxe5 Ndxe5 16. Qd1 Qb6 17. Rb1 Nxd3 18. Rxe8+ Rxe8 19. Qxd3 d4 20. Ne2 dxc3
21. bxc3 Qd8 22. Qxd8 Nxd8 23. Kf1 b5 24. a4 bxa4 25. Rb4 Ne6 26. Rxa4 Nxf4 27.
Nxf4 Bxc3 1/2-1/2

[Event "LGA Premium Cup"]
[Site "schach.lga.de"]
[Date "2005.09.11"]
[Round "6.22"]
[White "Zier, Verena"]
[Black "Rosenberger, Frank"]
[Result "0-1"]
[WhiteElo "1854"]
[BlackElo "2169"]
[PlyCount "76"]
[EventDate "2005.09.11"]
[SourceDate " "]

1. d4 d5 2. c4 e6 3. Nc3 c6 4. e3 Nf6 5. Nf3 Nbd7 6. Qc2 Bd6 7. b3 O-O 8. Be2
Re8 9. O-O b6 10. cxd5 exd5 11. Bb2 Bb7 12. Rac1 Qe7 13. Rfd1 Rad8 14. Bd3 Ne4
15. Ne2 f5 16. Ng3 g6 17. a3 a5 18. Ra1 Ra8 19. Qe2 Qf6 20. Ne1 Kh8 21. a4 Re6
22. Rdc1 Ng5 23. Qd2 Ne4 24. Qe2 Rf8 25. Nc2 Qe7 26. Ba3 Bxa3 27. Nxa3 Ndf6 28.
Qc2 Ng4 29. Bxe4 fxe4 30. Rf1 Ref6 31. Nh1 Ba6 32. Rfe1 Qd6 33. g3 Qb4 34. h3
Nxf2 35. Nxf2 Rxf2 36. Qxf2 Rxf2 37. Kxf2 Qd2+ 38. Kg1 Be2 0-1

[Event "LGA Premium Cup"]
[Site "schach.lga.de"]
[Date "2005.09.11"]
[Round "6.23"]
[White "Kirch, Daniel"]
[Black "Schmitz, Andreas Arnold"]
[Result "0-1"]
[WhiteElo "1972"]
[BlackElo "2159"]
[PlyCount "104"]
[EventDate "2005.09.11"]
[SourceDate " "]

1. d4 d5 2. c4 dxc4 3. Nf3 Nf6 4. Nc3 a6 5. e3 b5 6. a4 b4 7. Na2 a5 8. Bxc4 e6
9. O-O Bd6 10. Re1 Bb7 11. Bd3 Ne4 12. Qc2 f5 13. Bb5+ Nd7 14. Ne5 Bxe5 15.
dxe5 O-O 16. Bxd7 Qxd7 17. f3 b3 18. Qxb3 Nc5 19. Qb5 Qxb5 20. axb5 Nd3 21. Rd1
Nxe5 22. Nc3 Rf7 23. Na4 Bd5 24. Nc5 Rb8 25. Rxa5 Nc4 26. Ra7 Nd6 27. e4 fxe4
28. fxe4 Bc4 29. b6 cxb6 30. Rxf7 Nxf7 31. Na4 Bb3 32. Rd4 Ra8 33. Nc3 Ra1 34.
Ne2 e5 35. Rd3 Bc4 36. Rc3 Nd6 37. Ng3 b5 38. Kf2 b4 39. Rc2 Bd3 40. Rc6 Nxe4+
41. Nxe4 Bxe4 42. Rc4 Bd3 43. Rc8+ Kf7 44. Ke3 Bf5 45. Rc7+ Kf6 46. Bd2 Rb1 47.
Bxb4 Rxb2 48. Bd2 Rb6 49. Rc3 Rd6 50. g3 Kg5 51. Ke2+ Kg4 52. Rc7 g5 0-1

[Event "LGA Premium Cup"]
[Site "schach.lga.de"]
[Date "2005.09.11"]
[Round "6.24"]
[White "Koellner, Ulrich"]
[Black "Nöckler, Alexander"]
[Result "0-1"]
[WhiteElo "1952"]
[BlackElo "2142"]
[PlyCount "104"]
[EventDate "2005.09.11"]
[SourceDate " "]

1. d4 d5 2. Nf3 Nf6 3. c4 e6 4. Nc3 Nbd7 5. Bg5 Be7 6. e3 c6 7. cxd5 exd5 8.
Bd3 O-O 9. O-O Re8 10. Qc2 h6 11. Bh4 Ne4 12. Bxe7 Qxe7 13. Rae1 Ndf6 14. Nd2
Nd6 15. f3 a6 16. e4 dxe4 17. fxe4 Nb5 18. Nf3 Be6 19. Kh1 Nc7 20. Nh4 Rad8 21.
Qd2 Kh8 22. Bb1 Qd7 23. Rxf6 gxf6 24. Qxh6+ Kg8 25. Re3 Bg4 26. Rg3 f5 27. e5
Rxe5 28. h3 Re1+ 29. Kh2 Qxd4 30. Nf3 Qe3 31. Qxe3 Rxe3 32. Bxf5 Kf8 33. Rxg4
Nd5 34. Nxd5 Rxd5 35. Bh7 Re2 36. Rb4 b5 37. Be4 Rd6 38. Kg3 c5 39. Ng1 Re1 40.
Nf3 Re3 41. Kf2 Rxf3+ 42. Bxf3 cxb4 43. Ke3 Ke7 44. h4 Kd7 45. h5 Ke7 46. Ke2
Kf8 47. Ke3 Kg7 48. Ke2 Kh6 49. Ke3 Kg5 50. Ke2 Kf4 51. Ke1 Ke3 52. Bd1 Rd2 0-1

[Event "LGA Premium Cup"]
[Site "schach.lga.de"]
[Date "2005.09.11"]
[Round "6.25"]
[White "Dehmel, Stefanie"]
[Black "Baeuml, Ulrich"]
[Result "0-1"]
[WhiteElo "1968"]
[BlackElo "2108"]
[PlyCount "42"]
[EventDate "2005.09.11"]
[SourceDate " "]

1. e4 c5 2. Nc3 Nc6 3. g3 g6 4. Bg2 Bg7 5. f4 d6 6. Nf3 Bg4 7. h3 Bxf3 8. Qxf3
e6 9. O-O Nge7 10. d3 Nd4 11. Qf2 O-O 12. e5 dxe5 13. Bxb7 Rb8 14. Bg2 exf4 15.
gxf4 Nef5 16. Ne4 Nb3 17. c3 Nxa1 18. Nxc5 Qd6 19. d4 Rfc8 20. Ne4 Qa6 21. b3
Qd3 0-1

[Event "LGA Premium Cup"]
[Site "schach.lga.de"]
[Date "2005.09.11"]
[Round "6.26"]
[White "Grimm, Pascal"]
[Black "Seyb, Alexander"]
[Result "1/2-1/2"]
[WhiteElo "1838"]
[BlackElo "2081"]
[PlyCount "77"]
[EventDate "2005.09.11"]
[SourceDate " "]

1. c4 g6 2. Nc3 Bg7 3. d4 d6 4. e4 e5 5. d5 f5 6. f3 Nf6 7. Bd3 a5 8. Be3 Na6
9. Nge2 Nc5 10. Bc2 fxe4 11. Nxe4 Ncxe4 12. fxe4 Ng4 13. Ba4+ Bd7 14. Bxd7+
Qxd7 15. Qd2 O-O 16. Ng3 Nxe3 17. Qxe3 Qa4 18. Qb3 Qb4+ 19. Ke2 Bh6 20. Qc3 Rf4
21. Rhf1 Qc5 22. Rf3 Rxf3 23. gxf3 Bf4 24. b3 h5 25. Rh1 h4 26. Nf1 Qb4 27. Qc2
a4 28. Ne3 axb3 29. axb3 Ra3 30. Rb1 Bxh2 31. Kd1 Bf4 32. Qg2 Bg3 33. Nc2 Ra2
34. Qh3 Qc3 35. Qe6+ Kg7 36. Qe7+ Kh6 37. Qf8+ Kh5 38. Qh8+ Kg5 39. Qd8+
1/2-1/2

[Event "LGA Premium Cup"]
[Site "schach.lga.de"]
[Date "2005.09.11"]
[Round "6.27"]
[White "Zier, Oliver"]
[Black "Lange, Carsten"]
[Result "1/2-1/2"]
[WhiteElo "1821"]
[BlackElo "2077"]
[PlyCount "35"]
[EventDate "2005.09.11"]
[SourceDate " "]

1. d4 Nf6 2. c4 g6 3. Nc3 d5 4. cxd5 Nxd5 5. e4 Nxc3 6. bxc3 Bg7 7. Bc4 O-O 8.
Ne2 c5 9. O-O Nc6 10. Be3 Bg4 11. f3 Na5 12. Bd3 cxd4 13. cxd4 Be6 14. d5 Bxa1
15. Qxa1 f6 16. Qd4 Bf7 17. Bh6 Qd6 18. Bxf8 1/2-1/2

[Event "LGA Premium Cup"]
[Site "schach.lga.de"]
[Date "2005.09.11"]
[Round "6.28"]
[White "Babichev, Vyacheslav"]
[Black "Hettler, Wolfgang"]
[Result "0-1"]
[WhiteElo "1742"]
[BlackElo "2077"]
[PlyCount "148"]
[EventDate "2005.09.11"]
[SourceDate " "]

1. e4 d5 2. exd5 Qxd5 3. Nc3 Qd6 4. d4 a6 5. Nf3 Nf6 6. h3 b5 7. a3 Bb7 8. Be3
e6 9. Be2 Be7 10. Qd2 Nbd7 11. O-O O-O 12. Rfd1 Rfd8 13. Qe1 Rac8 14. Rd3 Nb6
15. b3 Qc6 16. Bf1 Qe8 17. Qd1 Nfd5 18. Bd2 Bf6 19. Ne2 Ne7 20. c3 Bxf3 21.
Rxf3 c5 22. Be3 Nf5 23. Ng3 Nxe3 24. fxe3 cxd4 25. Rxf6 gxf6 26. Qg4+ Kh8 27.
cxd4 Qg8 28. Qf3 Nd7 29. Ne4 Qg7 30. b4 Rc7 31. Nc5 Nxc5 32. bxc5 f5 33. a4 b4
34. Bxa6 Rxc5 35. Rb1 Rc3 36. Rxb4 Qg5 37. Qf4 Rc1+ 38. Bf1 Qxf4 39. exf4 Rd1
40. a5 Rd5 41. a6 Ra5 42. Rb7 Kg7 43. Rb3 Rxa6 44. Kf2 Ra2+ 45. Be2 Rdd2 46.
Re3 Rxd4 47. Kg3 Re4 48. Kf3 Rxe3+ 49. Kxe3 Rc2 50. Bf3 Kf6 51. Kd3 Rb2 52. Kd4
h5 53. Kc3 Ra2 54. Kd4 h4 55. Ke3 Ke7 56. Kd4 Kd6 57. Bb7 f6 58. Ke3 Rb2 59.
Ba8 e5 60. Bf3 e4 61. Be2 Kc5 62. Bf1 Rb3+ 63. Kf2 Kd4 64. Ba6 Rb2+ 65. Kg1 Ke3
66. g3 hxg3 67. h4 Rh2 68. Bc8 Kxf4 69. Ba6 Rxh4 70. Bf1 Rh2 71. Bg2 Ke3 72.
Kf1 f4 73. Kg1 f3 74. Kf1 Rxg2 0-1